| 000 | 00660nam a2200205 a 4500 | ||
|---|---|---|---|
| 005 | 20231021063630.0 | ||
| 008 | 070316s2004 mx r 000 0 spa d | ||
| 020 | _a8420544078 | ||
| 035 | _aUPN01000149837 | ||
| 049 | _aCG | ||
| 050 | 4 |
_aLB1049 _bE8.7 |
|
| 245 | 0 | 0 |
_aEstrategias y técnicas de estudio : _bcómo aprender a estudiar estratégicamente / _cRamón González Cabanach ... [et al.]. |
| 260 |
_aMadrid : _bPearson Prentice-Hall, _c2004 |
||
| 300 |
_a219 p. : _bil. |
||
| 650 | 4 |
_aMétodos de estudio _94280 |
|
| 650 | 7 |
_aEstrategias educativas _2 _91510 |
|
| 700 | 1 |
_aGonzález Cabanach, Ramón, _ecoaut. |
|
| 905 | _aLibro | ||
| 999 |
_c121978 _d121978 |
||